000 00499cam a22002051 4500
001 sa 63002817
003 DLC
005 20260227111936.0
008 900207s1962 ii 000 0 hino
010 _asa 63002817
035 _a(OCoLC)21014830
040 _aDLC
_cWaU
_dDLC
042 _apremarc
050 0 0 _aPK2098.M22
_bA6 1962
100 1 _aMachwe, Prabhakar Balvant,
_d1917-
245 1 0 _aTelakī pakauṛiyām̐.
260 _c[1962]
300 _a95 p.
_c19 cm.
500 _aIn Hindi.
999 _c54691
_d54691